000 00507cam a2200169 4500
008 080403n 000 0 eng u
020 _a158297120x
035 _a(Sirsi) a152491
050 _aGEN REF PN161 BRO 2003
245 _aWriter's market/
_ bedited by Kathryn Struckel Brogan and Robert Lee Brewer
250 _a[82nd ed.]
260 _a Ohio:
_bF and W,
_ c2003.
300 _a1112p.
504 _aIncludes index.
650 _aAuthorship
_xMarketing.
700 _aBrogan, Kathryn Struckel
999 _c102903
_d102902